<?xml version="1.0" encoding="UTF-8"?>
<marc:record xmlns:marc="http://www.loc.gov/MARC21/slim">
   <marc:leader>00000nam a2200000 a 4500</marc:leader>
   <marc:datafield ind1="1" ind2=" " tag="100">
      <marc:subfield code="a">Priestley, Chris</marc:subfield>
      <marc:subfield code="4">aut</marc:subfield>
      <marc:subfield code="e">Verfasser/-in</marc:subfield>
   </marc:datafield>
   <marc:datafield ind1="0" ind2="0" tag="245">
      <marc:subfield code="a">Wenn es kalt wird, erwachen die Geister</marc:subfield>
   </marc:datafield>
   <marc:datafield ind1="0" ind2="0" tag="245">
      <marc:subfield code="c">Priestley, Chris</marc:subfield>
   </marc:datafield>
   <marc:datafield ind1=" " ind2="1" tag="264">
      <marc:subfield code="a">Weinheim</marc:subfield>
      <marc:subfield code="b">Beltz &amp; Gelberg</marc:subfield>
      <marc:subfield code="c">2022</marc:subfield>
   </marc:datafield>
   <marc:datafield ind1="1" ind2=" " tag="490">
      <marc:subfield code="a">Super lesbar</marc:subfield>
   </marc:datafield>
   <marc:datafield ind1="1" ind2=" " tag="520">
      <marc:subfield code="a">Angaben aus der Verlagsmeldung

Wenn es kalt wird, erwachen die Geister / von Chris Priestley

Hausaufgabe: Schreibt eine unheimliche Geschichte, die im Winter spielt. Majas Freunde kommen auf schauerlich gute Ideen: Über Flutwellen, die lang begrabene Tote wieder auftauchen lassen und geisterhafte Kinder, die auf einem zugefrorenen Kanal Schlittschuhlaufen. Als das neue Mädchen in der Klasse beginnt, ihre Geschichte vorzulesen, wird es im Raum plötzlich dunkel und eisig kalt. Maja spürt, wie die Kälte in sie hineinkriecht – sie muss die Geschichte stoppen, bevor es für alle zu spät ist!

Schauergeschichte für Kinder, die das Blut in den Adern gefrieren lässt – leicht zu lesen und spannend erzählt. Einfach super lesbar!
Mehr zu den super lesbaren Büchern unter www.superlesbar.de
</marc:subfield>
   </marc:datafield>
   <marc:datafield ind1=" " ind2=" " tag="020">
      <marc:subfield code="a">9783407820082</marc:subfield>
      <marc:subfield code="9">9783407820082</marc:subfield>
   </marc:datafield>
   <marc:datafield ind1=" " ind2=" " tag="020">
      <marc:subfield code="a">3407820089</marc:subfield>
      <marc:subfield code="9">3407820089</marc:subfield>
   </marc:datafield>
   <marc:datafield ind1=" " ind2=" " tag="041">
      <marc:subfield code="a">ger</marc:subfield>
   </marc:datafield>
   <marc:datafield ind1=" " ind2=" " tag="300">
      <marc:subfield code="a">126 Seiten</marc:subfield>
   </marc:datafield>
</marc:record>
